000 00740nam a2200241 i 4500
001 73462
003 ES-MaACL
005 20231228063204.0
007 t|
008 041014s2004 sp ||||1| spa d
020 _a84-206-4200-2
080 _a930.1
100 1 _aAróstegui, Julio,
_d1939-2013
_923167
245 1 3 _aLa historia vivida
_b: sobre la historia del presente /
_cJulio Aróstegui.
260 _aMadrid :
_bAlianza Editorial,
_c[2004]
300 _a445 p. ;
_c23 cm.
490 1 _aAlianza ensayo ;
_v244
504 _aBibliografía: p. [409]-431.
650 4 _aHistoria-
_xFilosofía.
_913380
830 0 _aAlianza ensayo ;
_v244
_9180599
852 _aES-MaACL
_jL-28257
_bR.134201
999 _c73462
_d73462